Statistiken für Endemische Tiere

Klicken Sie hier um das Quiz zu spielen!

Allgemein

  • Dieses Quiz wurde 317 mal gespielt
  • Das Durchschnittsergebnis liegt bei 10 aus 16

Antwortstatistiken

Antwort% Korrekt
Koala
99%
Großer Panda
98%
Känguru
94%
Schnabeltier
94%
Orang-Utan
91%
Kiwi
81%
Wellensittich
80%
Katta/Lemur
76%
Tasmanischer Teufel
69%
Komodowaran
63%
Styans Kleiner Panda
50%
Kanarienvogel
40%
Galapagos-Riesenschildkröte
19%
Tanuki/Marderhund
14%
Japanmakak
11%
Kaiseramazone
1%

Verteilung der Resultate

Perzentil nach korrekt beantworteten Fragen

Anzahl Personen mit jedem Resultat

Ihre Resultats-Entwicklung

Sie haben dieses Quiz noch nicht gespielt